00513nam a2200157Ia 450000500170000000800460001703700120006304000200007504100130009508400230010810000150013124501260014626000450027230000120031765000260032920250508153241.0008 250505s9999 xx 000 0 eng d aTextual aFEDLbengcFEDL aeng2eng a370.193, CURqFEDL aCurle Adam 0aEducational strategy for development societies : A study of educational and social factors in relation to economic growth aLondon, UKbTavistock Publicationsc1963 axi,180p aEducation - Sociology